000 00606nam a22001817a 4500
005 20250109105422.0
010 _aENG-143255
020 _a9788195320561
_c500.00
035 _aEN-126787
037 _bDBAD/PUB
082 _a352.5
100 _aBangia, Harshul
_976166
245 _aModel Tender Document for Procurement of Goods and Non Consultancy Services/
_cBy Harshul Bangia
260 _aNew Delhi
_bSumedha Publishing House
_c2022
270 _bNew Delhi
_aUG-1, Ansal Chamber-1,3 Bhikaji Cama Place,
_e110066
300 _axvi,391p.
_b24cm(pb)
942 _2ddc
_cEN
_h352.5
_mBAN
999 _c208243
_d208243